00400nam a2200133Ia 4500008004100000020001500041041001200056082001600068100001800084245010800102260003200210300000800242650001600250221030s9999 xx 000 0 und d a8187522399 aEnglish a105.23bSal aR. S. Salaria 2aA Modern Approach to Programming in Fortran with Application to Science & Engineeringcby R. S. Salaria bKhanna PubaNew Delhic1999 a426 aBE Computer